Welcome to UE Central Library

Keep Smiling

Literacy criticism Plato to Dryden (Record no. 26040)

MARC details
000 -LEADER
fixed length control field 00659nam a22001937a 4500
005 - DATE AND TIME OF LATEST TRANSACTION
control field 20260415091626.0
008 - FIXED-LENGTH DATA ELEMENTS--GENERAL INFORMATION
fixed length control field 260415b |||||||| |||| 00| 0 eng d
020 ## - INTERNATIONAL STANDARD BOOK NUMBER
International Standard Book Number (pbk)
040 ## - CATALOGING SOURCE
Transcribing agency UE-CL
082 ## - DEWEY DECIMAL CLASSIFICATION NUMBER
Classification number 801.09
Item number G3721
100 ## - MAIN ENTRY--PERSONAL NAME
Personal name Gilbert Allen H.
245 ## - TITLE STATEMENT
Title Literacy criticism Plato to Dryden
Remainder of title / Allen H. Gilbert
260 ## - PUBLICATION, DISTRIBUTION, ETC. (IMPRINT)
Place of publication, distribution, etc New York:
Name of publisher, distributor, etc Wayne State University press,
Date of publication, distribution, etc 1962.
300 ## - PHYSICAL DESCRIPTION
Extent 704 p.
546 ## - LANGUAGE NOTE
Language note English
650 ## - SUBJECT ADDED ENTRY--TOPICAL TERM
Topical term or geographic name as entry element Literacy Criticism--Plato--Dryben
942 ## - ADDED ENTRY ELEMENTS (KOHA)
Koha item type Books
505 ## - FORMATTED CONTENTS NOTE
Formatted contents note 1. Plato<br/>2. Aristotle<br/>3. Dionysius or Longinus<br/>4. Dante<br/>5. Giovanni Boccaccio<br/>6. Giangiorgio Trissino<br/>7. Sir Thomas Elyot<br/>8. Giraldi Cinthio
Holdings
Withdrawn status Damaged status Not for loan Home library Current library Date acquired Full call number Barcode Date last seen Price effective from Koha item type
      UE-Central Library UE-Central Library 15.04.2026 801.09 G3721 T5974D 15.04.2026 15.04.2026 Books
Copyright © 2023, University of Education, Lahore. All Rights Reserved.
Email:centrallibrary@ue.edu.pk